Responsabilit ̌environnementale et rp̌aration du prǰudice čologique

Detalles Bibliográficos
Autor principal: Shekina Masudi, John
Formato: eBook
Publicado: Pars̕: Éditions Universitaires Europěnes, 2019
Materias:
Acceso en línea:Acceso restringido

MARC

LEADER 00000nam a22000007a 4500
005 20191005000826.0
007 cr|||| ||||
008 191005s2019 fr |||||s|||| 00||0 fra d
020 |a 9786138483601 
035 |a 29341 
040 |a vLex 
090 |c 9726  |d 9726 
100 1 |a Shekina Masudi, John 
245 1 0 |a Responsabilit ̌environnementale et rp̌aration du prǰudice čologique  |h [Recurso electrn̤ico] /  |c John Shekina Masudi 
256 |a Servicio en ln̕ea 
260 |a Pars̕:  |b Éditions Universitaires Europěnes,  |c 2019 
300 |a 1 recurso electrn̤ico 
500 |a La Rp̌ublique Dm̌ocratique du Congo (ci-aprs̈ RDC) fait face ̉une perte sans prčďent de sa biodiversit ̌et exige une action urgente : c’est la rǎlit ̌palpable ̉laquelle on ne saurait totalement čhapper et que l’on doit prendre en compte lorsque l’on dčide ̉travers une rǧlementation. Toutefois, la recherche meně a permis d’observer que le dommage caus ̌ ̉l’environnement est difficilement rp̌arable, voire irrv̌ersible au stade actuel du droit embryonnaire de l’environnement. Cet ouvrage entend donc discuter, de manir̈e particulir̈e, la part ou la pertinence d’une consčration efficace de la responsabilit ̌environnementale et rp̌aration du prǰudice čologique en droit congolais; tout en cherchant ̉ressortir, au plan gňřal, l’importance de la protection de l’environnement en dm̌ontrant que toute activit ̌irrationnelle peut nuire ̉sa bonne conservation et ̉sa přennit ̌au plus grand prǰudice de l’homme et de la biodiversit ̌dont l’intřt̊ de poursuivre ceux qui en sont acteurs qui qu’ils soient : Etat, sociťš commerciales ou individus afin d’obtenir de tous une utilisation durable de cette richesse planťaire naturelle. 
506 1 |a Disponible solo en los productos indicados  |d vLex Global  |d vLex Global (Academic Edition, excluding Law Schools)  |d vLex Global (U.S. Academic Edition, Law Schools)  |d vLex Global (U.S. Academic Edition, excluding Law Schools)  |d vLex Global (Academic Edition, Law Schools) 
650 0 4 |a Derecho Pb︢lico y Administrativo  |z Francia 
740 0 |a vLex Libros (Servicio en ln̕ea) 
856 4 0 |u http://vlex.com/source/29341  |z Acceso restringido 
942 |c BOOK 
999 0 |a Public and Administrative Law